000 00374nam a2200145Ia 4500
008 220204s9999 xx 000 0 und d
082 _a581.2:635.054
_bMAN
100 _aMANION, Paul D
245 0 _aTree disease concepts
260 _aNew Jersey
_bPrentice Hall
_c1981
650 _aCanker diseases
650 _aFoliage diseases
650 _aTree diseases
942 _cBK
999 _c36400
_d36400